00437nam a2200157Ia 45000010006000000050017000060080041000230410008000640820024000721000035000962450097001312600009002283000028002376500006002656540008002712287720260414150900.0260414t2013||||xx |||||||||||||| ||spa|| aESP a624.15136bR53 V. 1 aRico Rodríguez, AlfonsoeAUT 0aLa ingeniería de suelos en las vías terrestres :bcarreteras, ferrocarriles y aeropistas c2013 a459 páginas :c27 cm. a0 aCIC